Senza pietà (Record n. 101112)
[ formato base ]
| 000 -LEADER | |
|---|---|
| fixed length control field | 02160njm a2200373Ia 4500 |
| 001 - CONTROL NUMBER | |
| control field | G0077 |
| 003 - CONTROL NUMBER IDENTIFIER | |
| control field | IT-RoPAU |
| 005 - DATE AND TIME OF LATEST TRANSACTION | |
| control field | 20220918181139.0 |
| 008 - FIXED-LENGTH DATA ELEMENTS--GENERAL INFORMATION | |
| fixed length control field | 131025s9999 xx 000 0 und d |
| 040 ## - CATALOGING SOURCE | |
| Original cataloging agency | IT-RoPAU |
| 040 ## - CATALOGING SOURCE | |
| Transcribing agency | IT-RoPAU |
| 041 ## - LANGUAGE CODE | |
| Language code of text/sound track or separate title | ITALIANO |
| 999 ## - SYSTEM CONTROL NUMBERS (KOHA) | |
| Koha Dewey Subclass [OBSOLETE] | n.d. |
| 100 ## - MAIN ENTRY--PERSONAL NAME | |
| Personal name | AA.VV. |
| 9 (RLIN) | 794 |
| 100 ## - MAIN ENTRY--PERSONAL NAME | |
| Relator term | Autore musica |
| 9 (RLIN) | 32893 |
| 100 ## - MAIN ENTRY--PERSONAL NAME | |
| Miscellaneous information | Codice autore musica SPICS: 12000 |
| 9 (RLIN) | 796 |
| 245 ## - TITLE STATEMENT | |
| Title | Senza pietà |
| 250 ## - EDITION STATEMENT | |
| Edition statement | 1a ed. |
| 260 ## - PUBLICATION, DISTRIBUTION, ETC. (IMPRINT) | |
| Place of publication, distribution, etc. | ITALIA |
| 260 ## - PUBLICATION, DISTRIBUTION, ETC. (IMPRINT) | |
| Name of publisher, distributor, etc. | SONY MUSIC ENTERTAINMENT |
| Date of publication, distribution, etc. | 1999 [1a Ed.:1999 - Ed. Lingua Orig.: 1999] |
| 300 ## - PHYSICAL DESCRIPTION | |
| Extent | COMPACT DISC |
| 300 ## - PHYSICAL DESCRIPTION | |
| Dimensions | 54 minuti (Testo: 0 pag.) |
| 500 ## - GENERAL NOTE | |
| General note | Musica leggera. Canzone italiana. |
| 505 ## - FORMATTED CONTENTS NOTE | |
| Formatted contents note | Le stagioni dei disinganni (5:00) - Verrai (5:00) - Senza pietà (5:00) - Chissà (5:00) - Camminando camminando (6:00) - Luci e ombre (5:00) - Come dirsi ciao (6:00) - Che cosa dire di te (6:00) - Il Dio della luna (5:00) - Don't Cry, Sweet Love (6:00) |
| 650 ## - SUBJECT ADDED ENTRY--TOPICAL TERM | |
| Topical term or geographic name as entry element | CANZONE ITALIAN [COMPACT DISC] |
| Relator term | Codice MATERIA SPICS: 9949 |
| 9 (RLIN) | 21937 |
| 700 ## - ADDED ENTRY--PERSONAL NAME | |
| Personal name | Oxa Anna |
| Miscellaneous information | Codice interprete SPICS: 11051 |
| Relator term | Interprete |
| 9 (RLIN) | 32894 |
| 700 ## - ADDED ENTRY--PERSONAL NAME | |
| Personal name | Salerno Alberto |
| Miscellaneous information | Codice autore musica SPICS: 44010 |
| Relator code | Autore musica |
| Name of part/section of a work | Le stagioni dei disinganni - Verrai - Senza pietà - Camminando camminando - Luci e ombre - Come dirsi ciao - Il Dio della luna - Don't Cry, Sweet Love |
| 9 (RLIN) | 32895 |
| 700 ## - ADDED ENTRY--PERSONAL NAME | |
| Personal name | Zanotti Fio |
| Miscellaneous information | Codice autore SPICS: 23585 |
| Relator term | Autore |
| Name of part/section of a work | Le stagioni dei disinganni - Verrai - Chissà - Camminando camminando - Luci e ombre - Come dirsi ciao - Il Dio della luna - Don't Cry, Sweet Love |
| 9 (RLIN) | 32896 |
| 700 ## - ADDED ENTRY--PERSONAL NAME | |
| Personal name | Belleno Gianni |
| Miscellaneous information | Codice autore testo/musica SPICS: 23680 |
| Relator term | Autore testo/musica |
| Name of part/section of a work | Le stagioni dei disinganni - Chissà - Camminando camminando - Luci e ombre - Il Dio della luna - Don't Cry, Sweet Love |
| 9 (RLIN) | 32897 |
| 700 ## - ADDED ENTRY--PERSONAL NAME | |
| Personal name | Guidetti Claudio |
| Miscellaneous information | Codice autore testo/musica SPICS: 53443 |
| Relator term | Autore testo/musica |
| Name of part/section of a work | Verrai - Senza pietà - Come dirsi ciao |
| 9 (RLIN) | 32898 |
| 700 ## - ADDED ENTRY--PERSONAL NAME | |
| Personal name | Kaballà |
| Miscellaneous information | Codice autore musica SPICS: 53341 |
| Relator term | Autore musica |
| Name of part/section of a work | Chissà |
| 9 (RLIN) | 32899 |
| 700 ## - ADDED ENTRY--PERSONAL NAME | |
| Personal name | Scudieri Davide |
| Miscellaneous information | Codice autore testo/musica SPICS: 53444 |
| Relator term | Autore musica |
| Name of part/section of a work | Che cosa dire di te |
| 9 (RLIN) | 32900 |
| 942 ## - ADDED ENTRY ELEMENTS (KOHA) | |
| Koha item type | CD AUDIO |
| Source of classification or shelving scheme | Dewey Decimal Classification |
| Withdrawn status | Lost status | Damaged status | Not for loan | Home library | Current library | Date acquired | Total Checkouts | Full call number | Date last seen | Price effective from | Koha item type | Public note |
|---|---|---|---|---|---|---|---|---|---|---|---|---|
| Buone Condizioni | Not For Loan | SPICS-MEDIATECA | SPICS-MEDIATECA | 25/10/2013 | G0077 | 25/10/2013 | 25/10/2013 | CD AUDIO | Progr. Ins.: 22799 / N.Vol.: 1 / Copie: 1 - Copia rara: n.d. / date import: 01.01.2014 - By Epidotti, Trombetti, Vaglietti |